| 000 | 03863cam a22003733a 4500 | ||
|---|---|---|---|
| 001 | 0000707 | ||
| 003 | DO-SdBNP | ||
| 005 | 20220317112629.0 | ||
| 007 | 0000707 | ||
| 008 | 861112 1990 sp ac 000 0 spa d | ||
| 010 | _a | ||
| 020 | _a8434552361 (obra completa) | ||
| 020 | _a8434553716 (v. 1) | ||
| 020 | _a8434553724 (v. 2) | ||
| 020 | _a8434553732 (v. 3) | ||
| 020 | _a8434553740 (v. 4) | ||
| 020 | _a8434553759 (v. 5) | ||
| 040 |
_aBPMSU _cspa _dBPMSU _d |
||
| 082 | 4 |
_a780.9 _bH673m |
|
| 245 | 0 | 0 |
_aHistoria de la música pop / _cdirector Juan Salvat ; prólogo José Ramón Pardo |
| 260 | 0 |
_aBarcelona : _bSalvat, _c1990. |
|
| 300 |
_a5 v. : _bil., retrato _c30 cm. |
||
| 505 |
_gv. 1 -- _gLos primeros pasos, hasta 1955 -- _tLos orígenes del jazz. Scott Joplin, Buddy Bolden, Jelly Roll Morton -- _tLa edad de oro del jazz de Nueva Orleans. Louis Armstrong -- _tLa era del swing y los grandes virtuosos -- _tEl jazz se especializa. Del bebop al cool, Charlie Parker, Dizzy Gillespie, Miles Davis -- _tLos grandes cantantes. Bing Crosby, Frank Sinatra, Andrews Sisters -- _tLa canción europea. cabaret alemán, charson francesa, romanza italiana -- _tEl toque latino. Xavier Cugat, Pérez Prado, Carlos Gardel, Panchos -- _tLas raíces blancas. Country y folk. Hank Williams, Jimmie Rogers, Woody Guthrie, Pete Seeger -- _tEl rhyhm and blues. Muddy Waters, John Lee Hooker, B. B. King -- |
||
| 505 |
_gv. 2 -- _gLa explosión del rock, 1955-1963 -- _tPioneros del rock and roll -- _tEl rock and roll negro, Chuck Berry, Ray Charles y Little Richard -- _tEl rock blanco, Elvis Prisley, Everly Brothers -- _tEl du-duá, Los Platters, Drifters vs. Coasters -- _tLa era prebeatle. La nueva generación: Paul Anka y Sam Cooke -- _tLos nuevos bailes. Chubby Checker, Rock ingles, Cliff Richard y los Shadows -- _tLa música folk. Bob Dylan y Joan Baez -- _tEl rock en español, pioneros en América y en España -- |
||
| 505 |
_gv. 3 -- _gLa época dorada, 1963-1970 -- _tBeatles -- _tRolling Stones -- _tEl contraataque americano. surf y Monkees -- _tSimon & Garfunkel. El Folk Rock -- _tHippies y psicodélicos -- _tEl triunfo del sonido negro: la música soul -- _tNace, en Inglaterra, el blues blanco -- _tEl rock sinfónico. Pink Floyd -- _tEl rock se pone duro. Led Zeppelin -- _tLos grandes que crearon escuela. The Doors y Creedence claerwater Revival -- _tEl rock se desgarra. Janis y Jimi -- _tLos grandes festivales: de Monterey a Wight -- _tLas voces melódicas de la década -- _tEl sabor latino -- _tEl otro pop europeo. El ye-yé italo-frances. Rock en español -- |
||
| 505 |
_gv. 4 -- _gEl camino a los orígenes, 1970-1990 -- _tJazz rock y música latina. Chicago y Santana -- _tLa edad de oro de los cantautores -- _tDel country rock al country pop. Crosby, Stills, Nash & Young. Eagles -- _tEl glam rock. David Bowie y Elton John -- _tDel sonido Filaderfia a la discoteca. Be Gees, Travolta, Rod steward -- _tLos supergrupos, Supertramp, Queen, Dire Straits -- _tEl reggae, Bob Marley -- _tLa música española de los setenta, Joan Manuel Serrat, Cecilia, Julio Iglesias -- _tLa herencia de los setenta, Bruce Springsteen, Michael Jackson -- _tPunk y new wave, Sex Pistols, Clash Jam, Police y Sting -- _tEntre el tecno y la nueva era, Mike Olfield, Vangelis OMD -- _tFunky, rap y el esplendor de la música negra, Stevie Wonder, Prince, Lionel Richie -- _tPop adolescente y visual. Duran Duran, spanday ballet, George Michael -- _tLa mujer en los ochenta, Tina Turner, Madonna -- _tRock místico y épico, U2, Sinead O´Connor, Simple Minds -- _tNueva ola y movida en España, Mecano, Alaska, Radio Futura -- |
||
| 505 |
_gv. 5 -- _gDiccionario -- |
||
| 600 |
_a _x |
||
| 650 | 4 |
_aMÚSICA POP _xHISTORIA |
|
| 700 | 1 | 2 |
_aSalvat, Luís _edir. |
| 700 | 1 | 2 |
_aPardo, José Ramón _eprol. |
| 910 | _aVMateo /Validado. Control de calidad MFF | ||
| 942 |
_2ddc _cBK |
||
| 999 |
_c11515 _d11515 |
||